000 00298nam a2200121Ia 4500
008 190216s9999||||xx |||||||||||||| ||und||
100 _aGupta R K & Malik
245 0 _aPractical Vertebrate Zoology
260 _bPragathi Prakashan
_c1971
300 _a316p
650 _aZoology
942 _cBK
999 _c37888
_d37888